00000000nam 2200000zi 4500
0019.950868
003CaOODSP
00520250605143816
006m     o  d f      
007cr cn ||||||||
008250506t20252025nkcabd  ob   f000 0 eng d
020 |a9780660771786
040 |aCaOODSP|beng|erda|cCaOODSP
041 |aeng|beng|bfre
043 |an-cn-ns
0861 |aFs97-6/3697E-PDF
1001 |aHaigh, Susan Patricia,|d1964- |eauthor.
24510|aFVCOM model of Shelburne, Nova Scotia / |cby Susan P. Haigh, Mitchell P.A. O'Flaherty-Sproul, Danar Pratomo, Fred H. Page, Randy J. Losier, David Greenberg, Blythe D. Chang, and Brent Law.
264 1|aSt Andrews, NB : |bFisheries and Oceans Canada, Saint Andrews Biological Station, |c2025.
264 4|c©2025
300 |a1 online resource (xi, 81 pages) : |billustrations, maps, graphs.
336 |atext|btxt|2rdacontent
337 |acomputer|bc|2rdamedia
338 |aonline resource|bcr|2rdacarrier
4901 |aCanadian technical report of fisheries and aquatic sciences, |x1488-5379 ; |v3697
504 |aIncludes bibliographical references (pages 60-61).
5203 |a"An FVCOM model was developed for Shelburne, Nova Scotia. The model included tidal and non-tidal forcing at the lateral open boundaries, wind forcing at the sea surface, and fresh water input from the Roseway River. The simulation period was from 1 August 2014 to 1 January 2015. Model results were compared against observed sea surface height, water currents, temperature, salinity and density"--Abstract, page x.
546 |aIncludes abstracts in English and French.
650 0|aBaroclinic models|xEvaluation.
650 0|aTides|zNova Scotia|zShelburne (County)
650 0|aParticulate matter|zNova Scotia|zShelburne (County)
650 6|aModèles baroclines|xÉvaluation.
650 6|aMarées|zNouvelle-Écosse|zShelburne (Comté)
650 6|aMatière organique particulaire|zNouvelle-Écosse|zShelburne (Comté)
7101 |aCanada. |bDepartment of Fisheries and Oceans. |bBiological Station (St. Andrews, N.B.), |eissuing body.
830#0|aCanadian technical report of fisheries and aquatic sciences,|x1488-5379 ; |v3697.|w(CaOODSP)9.504449
85640|qPDF|s7.70 MB|uhttps://publications.gc.ca/collections/collection_2025/mpo-dfo/fs97-6/Fs97-6-3697-eng.pdf